[Event "All China Games 3rd"]
[Site "Suzhou"]
[Date "2006.05.21"]
[Round "3"]
[White "Lin, Ta"]
[Black "Kuang, Yinghui"]
[Result "1/2-1/2"]
[WhiteElo "2386"]
[BlackElo "2303"]
[PlyCount "76"]
[EventDate "2006.05.20"]
[EventType "swiss"]
[EventRounds "11"]
[EventCountry "CHN"]
[SourceTitle "CBM 112 Extra"]
[Source "ChessBase"]
[SourceDate "2006.07.14"]
[SourceVersion "1"]
[SourceVersionDate "2006.07.14"]
[SourceQuality "1"]

1. d4 d5 2. c4 e6 3. Nc3 Be7 4. Bf4 Nf6 5. e3 0-0 6. Qc2 c5 7. dxc5 Bxc5 8. a3 Qa5 9. Rc1 d4 10. exd4 Bxd4 11. Nf3 e5 12. Bd2 Qb6 13. Nd1 Nc6 14. c5 Qd8 15. Ne3 e4 16. Nxd4 Nxd4 17. Qc3 Be6 18. b4 Rc8 19. Nc4 Nf5 20. Ne5 Nd5 21. Qb2 e3 22. Bxe3 Ndxe3 23. fxe3 Nxe3 24. Nf3 Re8 25. Qd4 Bd5 26. Kf2 Bxf3 27. Qxd8 Rcxd8 28. Kxf3 Nxf1 29. Rhxf1 Rd3+ 30. Kf4 Rxa3 31. b5 Rae3 32. Rc4 f6 33. c6 bxc6 34. bxc6 Kf7 35. h4 h5 36. Ra1 R3e7 37. c7 Rc8 38. Rxa7 Ke8 1/2-1/2

[Event "All China Games 3rd"]
[Site "Suzhou"]
[Date "2006.05.20"]
[Round "1"]
[White "Lin, Ta"]
[Black "Zhou, Jianchao"]
[Result "0-1"]
[WhiteElo "2386"]
[BlackElo "2525"]
[PlyCount "52"]
[EventDate "2006.05.20"]
[EventType "swiss"]
[EventRounds "11"]
[EventCountry "CHN"]
[SourceTitle "CBM 112 Extra"]
[Source "ChessBase"]
[SourceDate "2006.07.14"]
[SourceVersion "1"]
[SourceVersionDate "2006.07.14"]
[SourceQuality "1"]

1. d4 d5 2. Nf3 Nf6 3. c4 c6 4. e3 Bf5 5. Nbd2 e6 6. Be2 Nbd7 7. 0-0 Bd6 8. h3 Ne4 9. Nxe4 dxe4 10. Ne1 Qh4 11. Bg4 Bxg4 12. Qxg4 Qxg4 13. hxg4 g5 14. b3 h5 15. gxh5 Rxh5 16. g3 Ke7 17. Kg2 Rah8 18. Rg1 Nf6 19. Kf1 Rh2 20. Ng2 Ng4 21. c5 Bc7 22. Ke2 R8h3 23. Bd2 Bxg3 24. fxg3 Rxg3 25. Kf1 Rf3+ 26. Ke1 Rf2 0-1

[Event "All China Games 3rd"]
[Site "Suzhou"]
[Date "2006.05.20"]
[Round "2"]
[White "Xu, Yuanyuan"]
[Black "Lin, Ta"]
[Result "0-1"]
[WhiteElo "2405"]
[BlackElo "2386"]
[PlyCount "86"]
[EventDate "2006.05.20"]
[EventType "swiss"]
[EventRounds "11"]
[EventCountry "CHN"]
[SourceTitle "CBM 112 Extra"]
[Source "ChessBase"]
[SourceDate "2006.07.14"]
[SourceVersion "1"]
[SourceVersionDate "2006.07.14"]
[SourceQuality "1"]

1. d4 d5 2. c4 dxc4 3. e4 Nc6 4. Nf3 Bg4 5. d5 Ne5 6. Bf4 Ng6 7. Be3 e5 8. Bxc4 a6 9. Be2 Bd6 10. Nc3 Nf6 11. 0-0 0-0 12. Nd2 Bd7 13. Nc4 b5 14. Nxd6 cxd6 15. a3 Qe7 16. Qd2 Ng4 17. Bxg4 Bxg4 18. f3 Bd7 19. Rfc1 Rfc8 20. Ne2 Qd8 21. Qb4 Be8 22. Ng3 Ne7 23. f4 Ng6 24. f5 Nf8 25. f6 a5 26. Qd2 Rxc1+ 27. Rxc1 Qxf6 28. Bg5 Qg6 29. Nf5 Kh8 30. Be7 Bd7 31. Nxd6 h6 32. Rc7 Bg4 33. Qf2 Kg8 34. Nf5 Bxf5 35. exf5 Qg4 36. h3 Qd1+ 37. Kh2 Qxd5 38. Rc5 Qe4 39. Rxb5 Nh7 40. Qg3 Qxf5 41. Rc5 Qd7 42. Qf3 Re8 43. Bd6 Qxd6 0-1

[Event "Torch Cup"]
[Site "Xiapu"]
[Date "2005.06.25"]
[Round "18"]
[White "Lin, Ta"]
[Black "Ji, Dan"]
[Result "1/2-1/2"]
[WhiteElo "2417"]
[BlackElo "2226"]
[PlyCount "29"]
[EventDate "2005.06.21"]
[EventType "team"]
[EventRounds "19"]
[EventCountry "CHN"]
[SourceTitle "CBM 106 Extra"]
[Source "ChessBase"]
[SourceDate "2005.07.01"]
[SourceVersion "1"]
[SourceVersionDate "2005.07.01"]
[SourceQuality "1"]

1. d4 d5 2. c4 e6 3. Nc3 Be7 4. Nf3 Nf6 5. Bf4 0-0 6. e3 Nbd7 7. h3 c5 8. cxd5 Nxd5 9. Nxd5 exd5 10. Be2 cxd4 11. Nxd4 Qa5+ 12. Kf1 Nc5 13. a3 Ne6 14. Be5 Rd8 15. g4 1/2-1/2

[Event "CHN-chT Torch Real Estate Cup"]
[Site "Wuxi"]
[Date "2005.05.09"]
[Round "8"]
[White "Wang, Rui"]
[Black "Lin, Ta"]
[Result "1/2-1/2"]
[WhiteElo "2457"]
[BlackElo "2417"]
[PlyCount "58"]
[EventDate "2005.05.08"]
[EventType "team-tourn"]
[EventRounds "13"]
[EventCountry "CHN"]
[SourceTitle "CBM 106 Extra"]
[Source "ChessBase"]
[SourceDate "2005.07.01"]
[SourceVersion "1"]
[SourceVersionDate "2005.07.01"]
[SourceQuality "1"]

1. d4 d5 2. Nf3 Nf6 3. c4 dxc4 4. e3 e6 5. Bxc4 c5 6. 0-0 a6 7. a4 Nc6 8. Qe2 Qc7 9. h3 Bd6 10. Rd1 b6 11. Nc3 Bb7 12. d5 exd5 13. Bxd5 0-0 14. e4 Rae8 15. Bg5 Nd4 16. Nxd4 Nxd5 17. Nxd5 Bxd5 18. Nf5 Bh2+ 19. Kh1 Bxe4 20. Ne7+ Kh8 21. Qxe4 f6 22. Ng6+ hxg6 23. Qh4+ Kg8 24. Be3 Be5 25. Qc4+ Qf7 26. Qxa6 Qb3 27. a5 bxa5 28. Bxc5 Ra8 29. Qb6 Qxb6 1/2-1/2

[Event "Jinan Torch Cup"]
[Site "Jinan"]
[Date "2005.04.24"]
[Round "5"]
[White "Lin, Ta"]
[Black "Zhao, Xue"]
[Result "1-0"]
[WhiteElo "2417"]
[BlackElo "2478"]
[PlyCount "130"]
[EventDate "2005.04.20"]
[EventType "team"]
[EventRounds "9"]
[EventCountry "CHN"]
[SourceTitle "CBM 106 Extra"]
[Source "ChessBase"]
[SourceDate "2005.07.01"]
[SourceVersion "1"]
[SourceVersionDate "2005.07.01"]
[SourceQuality "1"]

1. d4 Nf6 2. c4 e6 3. Nf3 d5 4. Nc3 Bb4 5. Qb3 c5 6. dxc5 Nc6 7. Bg5 h6 8. Bxf6 Qxf6 9. e3 0-0 10. Rc1 Rd8 11. Be2 dxc4 12. Qxc4 Qe7 13. a3 Bxc5 14. 0-0 Bb6 15. b4 Bd7 16. b5 Nb8 17. Ne5 Be8 18. Bf3 Nd7 19. Nxd7 Rxd7 20. Qb3 Rc7 21. Na4 Ba5 22. Nb2 Rac8 23. Rc4 a6 24. b6 Rc5 25. Rd1 Bb5 26. Rxc5 Qxc5 27. Bxb7 Rb8 28. Be4 Bxb6 29. Na4 Qe5 30. Nc3 Bc7 31. f4 Qc5 32. Nxb5 Bxf4 33. Kh1 Be5 34. a4 axb5 35. axb5 Bc7 36. Bd3 Qh5 37. h3 Qe5 38. Kg1 Bb6 39. Bf1 Bxe3+ 40. Kh1 Bb6 41. g3 Rc8 42. Qf3 Qc5 43. Bd3 g6 44. Rf1 Rc7 45. h4 Rd7 46. Kg2 h5 47. Qa8+ Kg7 48. Qf3 Qc3 49. Be2 Qe5 50. Kh3 Bc7 51. Kg2 Qb2 52. Kh3 Be5 53. Bd3 Bc7 54. Be4 f5 55. Rf2 Qb4 56. Bc6 Rd4 57. Rg2 Qd6 58. Qc3 Kh7 59. Qf3 Rd3 60. Qf2 Qb4 61. Qe2 Qc3 62. Qf2 Kg7 63. Kh2 Kh6 64. Kh3 Qc4 65. Qe2 Rxg3+ 1-0

[Event "Jinan Torch Cup"]
[Site "Jinan"]
[Date "2005.04.21"]
[Round "2"]
[White "Sun, Chuyao"]
[Black "Lin, Ta"]
[Result "0-1"]
[WhiteElo "2224"]
[BlackElo "2417"]
[PlyCount "69"]
[EventDate "2005.04.20"]
[EventType "team"]
[EventRounds "9"]
[EventCountry "CHN"]
[SourceTitle "CBM 106 Extra"]
[Source "ChessBase"]
[SourceDate "2005.07.01"]
[SourceVersion "1"]
[SourceVersionDate "2005.07.01"]
[SourceQuality "1"]

1. d4 f5 2. c4 Nf6 3. Nf3 g6 4. g3 Bg7 5. b4 c6 6. Nc3 d5 7. cxd5 cxd5 8. Bf4 0-0 9. Bg2 a5 10. b5 Nbd7 11. Ne5 Nb6 12. Na4 Nxa4 13. Qxa4 Be6 14. Rc1 Ne4 15. Nd3 Qb6 16. Nc5 Rfc8 17. Be3 Bf7 18. 0-0 Nd6 19. Qb3 Nc4 20. a4 Nxe3 21. Qxe3 Rc7 22. Nb3 Rac8 23. Qd2 Rxc1 24. Rxc1 Rc4 25. Rxc4 dxc4 26. Nc5 Qd6 27. Nxb7 Qxd4 28. Qc2 c3 29. e3 Qb4 30. Bf3 Bb3 31. Qd3 e6 32. Qd8+ Bf8 33. Qc7 c2 34. Nd8 Qe7 35. Qc8 0-1

[Event "Seville op 28th"]
[Site "Seville"]
[Date "2003.01.15"]
[Round "6"]
[White "Rausis, Igors"]
[Black "Lin, Ta"]
[Result "1/2-1/2"]
[WhiteElo "2537"]
[BlackElo "2360"]
[PlyCount "102"]
[EventDate "2003.01.10"]
[EventType "swiss"]
[EventRounds "9"]
[EventCountry "ESP"]
[SourceTitle "CBM 092 Extra"]
[Source "ChessBase"]
[SourceDate "2003.03.07"]
[SourceVersion "1"]
[SourceVersionDate "2003.03.07"]
[SourceQuality "1"]

1. Nf3 f5 2. d4 Nf6 3. c4 g6 4. g3 Bg7 5. Bg2 0-0 6. 0-0 d6 7. Nc3 Nc6 8. d5 Na5 9. Qa4 c5 10. dxc6 bxc6 11. c5 Bd7 12. cxd6 exd6 13. Bf4 d5 14. Ne5 Be8 15. Rac1 Nh5 16. b4 g5 17. bxa5 gxf4 18. Nxc6 Qg5 19. Nxd5 fxg3 20. fxg3 Kh8 21. Qa3 Bxc6 22. Rxc6 Rae8 23. Qf3 Be5 24. e3 Nxg3 25. hxg3 Bxg3 26. Nf4 Rg8 27. Nh3 Qh4 28. Qxf5 Bh2+ 29. Kh1 Be5 30. Rc2 Rg6 31. Rc8 Rxc8 32. Qxe5+ Rg7 33. Rf7 Qg4 34. Rxg7 Qxg7 35. Qe6 Rg8 36. Nf4 Qg5 37. a6 Qh4+ 38. Qh3 Qf2 39. Kh2 Qxa2 40. Qh6 Qb2 41. Qd6 Qg7 42. Qd4 Qxd4 43. exd4 Rd8 44. Ne6 Rd6 45. Nc7 Kg8 46. Bb7 Rb6 47. d5 Kf7 48. d6 Rxd6 49. Nb5 Rd2+ 50. Kg3 Ke6 51. Nxa7 Kd6 1/2-1/2

[Event "Bad Zwesten op 7th"]
[Site "Bad Zwesten"]
[Date "2003.??.??"]
[Round "1"]
[White "Bennemann, Ingmar"]
[Black "Lin, Ta"]
[Result "0-1"]
[WhiteElo "1953"]
[BlackElo "2361"]
[PlyCount "70"]
[EventDate "2003.01.02"]
[EventType "swiss"]
[EventRounds "9"]
[EventCountry "GER"]
[SourceTitle "CBM 092 Extra"]
[Source "ChessBase"]
[SourceDate "2003.03.07"]
[SourceVersion "1"]
[SourceVersionDate "2003.03.07"]
[SourceQuality "1"]

1. d4 f5 2. Nc3 Nf6 3. Bg5 d5 4. Bxf6 exf6 5. e3 c6 6. Bd3 Bb4 7. Qf3 g6 8. Nge2 Be6 9. h3 Nd7 10. g4 fxg4 11. hxg4 Bf7 12. Rh6 Qe7 13. Nf4 0-0-0 14. Qh3 Nf8 15. a3 Ba5 16. b4 Bc7 17. Nce2 Kb8 18. Kf1 Rg8 19. Rb1 Rg7 20. c3 Ne6 21. Nxe6 Bxe6 22. Nf4 Bc8 23. Re1 Re8 24. Ng2 Qd7 25. f3 Rf7 26. Re2 Bd6 27. Ne1 Qc7 28. Qh1 Ree7 29. Nc2 b6 30. Qg2 c5 31. bxc5 bxc5 32. dxc5 Qxc5 33. Nd4 Qxc3 34. Bb5 Rxe3 35. Nc6+ Ka8 0-1

[Event "Bad Zwesten op 7th"]
[Site "Bad Zwesten"]
[Date "2003.??.??"]
[Round "5"]
[White "Schneider, Ilja"]
[Black "Lin, Ta"]
[Result "0-1"]
[WhiteElo "2217"]
[BlackElo "2361"]
[PlyCount "70"]
[EventDate "2003.01.02"]
[EventType "swiss"]
[EventRounds "9"]
[EventCountry "GER"]
[SourceTitle "CBM 092 Extra"]
[Source "ChessBase"]
[SourceDate "2003.03.07"]
[SourceVersion "1"]
[SourceVersionDate "2003.03.07"]
[SourceQuality "1"]

1. e4 e5 2. Nc3 Nf6 3. Nf3 Nc6 4. d4 exd4 5. Nxd4 Bb4 6. Nxc6 bxc6 7. Bd3 d5 8. exd5 cxd5 9. 0-0 0-0 10. Bg5 c6 11. Qf3 Bd6 12. Rfe1 Rb8 13. Na4 h6 14. Bxf6 Qxf6 15. Qxf6 gxf6 16. b3 Bd7 17. c4 Rfe8 18. Rad1 Re5 19. Bf1 Be6 20. Rxe5 fxe5 21. cxd5 cxd5 22. Nc3 d4 23. Nb5 Bc5 24. Re1 f6 25. Rc1 Bb6 26. Rc6 Kf7 27. Bd3 Ke7 28. Nd6 Rd8 29. Ne4 Bd5 30. Rc1 f5 31. Ng3 e4 32. Bc4 Bxc4 33. Rxc4 d3 34. Rc1 Ke6 35. Nf1 f4 0-1

[Event "Groningen Harmonie op-A"]
[Site "Groningen"]
[Date "2002.??.??"]
[Round "7.6"]
[White "Ruan, Lufei"]
[Black "Lin, Ta"]
[Result "1/2-1/2"]
[WhiteElo "2246"]
[BlackElo "2361"]
[PlyCount "26"]
[EventDate "2002.12.21"]
[EventType "swiss"]
[EventRounds "9"]
[EventCountry "NED"]
[SourceTitle "EXT 2004"]
[Source "ChessBase"]
[SourceDate "2003.11.25"]
[SourceVersion "1"]
[SourceVersionDate "2003.11.25"]
[SourceQuality "1"]

1. e4 e5 2. Nf3 Nc6 3. d4 exd4 4. Nxd4 Nf6 5. Nxc6 bxc6 6. e5 Qe7 7. Qe2 Nd5 8. c4 Ba6 9. g3 g6 10. b3 Bg7 11. Bb2 0-0 12. Bg2 Rfe8 13. 0-0 Nb6 1/2-1/2

[Event "CHN-chT"]
[Site "Suzhou"]
[Date "2001.03.30"]
[Round "5"]
[White "Lin, Ta"]
[Black "Ji, Dan"]
[Result "1-0"]
[WhiteElo "2374"]
[BlackElo "2297"]
[PlyCount "75"]
[EventDate "2001.03.02"]
[EventType "team"]
[EventRounds "10"]
[EventCountry "CHN"]
[SourceTitle "EXT 2002"]
[Source "ChessBase"]
[SourceDate "2001.11.25"]
[SourceVersion "1"]
[SourceVersionDate "2001.11.25"]
[SourceQuality "1"]

1. d4 d5 2. c4 e6 3. Nf3 Nf6 4. Nc3 Be7 5. Bf4 0-0 6. e3 c5 7. dxc5 Bxc5 8. a3 Nc6 9. cxd5 exd5 10. Be2 d4 11. Na4 b6 12. b4 Bd6 13. Bxd6 Qxd6 14. b5 Ne5 15. Nxd4 Bb7 16. 0-0 Rad8 17. Nc3 Rc8 18. Nb1 Ne4 19. f3 Nc3 20. Nxc3 Rxc3 21. Nf5 Qc5 22. Qd6 g6 23. Qxc5 bxc5 24. Nd6 Ba8 25. Rfc1 Rxe3 26. Kf2 Rd3 27. Bxd3 Nxd3+ 28. Ke3 Nxc1 29. Rxc1 Rd8 30. Rxc5 Rxd6 31. Rc8+ Kg7 32. Rxa8 Rd7 33. a4 Kf6 34. Re8 Rd1 35. Re4 Ra1 36. Rc4 Kg7 37. Kd4 Ra2 38. g4 1-0

[Event "Beijing Lee Cup 1st"]
[Site "Beijing"]
[Date "1993.??.??"]
[Round "11"]
[White "Miles, Anthony John"]
[Black "Lin, Ta"]
[Result "1-0"]
[WhiteElo "2565"]
[BlackElo "2410"]
[PlyCount "71"]
[EventDate "1993.??.??"]
[EventType "swiss"]
[EventRounds "11"]
[EventCountry "CHN"]
[SourceTitle "EXT 1997"]
[Source "ChessBase"]
[SourceDate "1996.11.15"]
[SourceVersion "1"]
[SourceVersionDate "1996.11.15"]
[SourceQuality "1"]

1. d4 d5 2. Nf3 Nf6 3. c4 dxc4 4. e3 e6 5. Bxc4 c5 6. 0-0 a6 7. Nbd2 cxd4 8. Nxd4 Be7 9. b3 0-0 10. Bb2 Bd7 11. Rc1 Nc6 12. N4f3 Rc8 13. Qe2 Qa5 14. Bd3 Nb4 15. Nc4 Qh5 16. Bb1 Nbd5 17. Rfd1 Rfd8 18. Qf1 Bb5 19. a4 Be8 20. Rd4 Nd7 21. g4 Qh6 22. Qg2 f6 23. Rdd1 Nc5 24. Nd4 Bf7 25. Qf3 g6 26. e4 Nf4 27. Nb6 Rb8 28. b4 e5 29. bxc5 exd4 30. Bd3 Be6 31. Bc4 Bxc4 32. Rxc4 d3 33. Nd5 Nxd5 34. exd5 b5 35. axb5 Rxb5 36. Bd4 1-0

[Event "Olympiad-29"]
[Site "Novi Sad"]
[Date "1990.11.30"]
[Round "12"]
[White "Mokry, Karel"]
[Black "Lin, Ta"]
[Result "1-0"]
[WhiteElo "2490"]
[BlackElo "2435"]
[PlyCount "120"]
[EventDate "1990.11.17"]
[EventType "team-swiss"]
[EventRounds "14"]
[EventCountry "YUG"]
[SourceTitle "TD"]
[Source "ChessBase"]
[SourceDate "1994.03.01"]
[SourceVersion "1"]
[SourceVersionDate "1994.03.01"]
[SourceQuality "1"]
[WhiteTeam "Czechoslovakia"]
[BlackTeam "China"]
[WhiteTeamCountry "CSR"]
[BlackTeamCountry "CHN"]

1. e4 e5 2. Nf3 Nc6 3. Bb5 a6 4. Ba4 Nf6 5. 0-0 Be7 6. Re1 b5 7. Bb3 d6 8. c3 0-0 9. h3 Bb7 10. d4 Re8 11. Ng5 Rf8 12. Nf3 Re8 13. a4 h6 14. Nbd2 Bf8 15. d5 Ne7 16. Nh2 Qd7 17. Ng4 Nxg4 18. hxg4 c6 19. Nf1 cxd5 20. exd5 Ng6 21. Ng3 Rac8 22. Re4 Be7 23. Rb4 Bh4 24. Nf5 Bg5 25. Bxg5 hxg5 26. axb5 axb5 27. Ra7 Red8 28. Nxd6 Qxd6 29. Rxb7 Rc5 30. R4xb5 Rxb5 31. Rxb5 e4 32. Rb4 Re8 33. Qe1 e3 34. fxe3 Nf4 35. Rd4 Qb6 36. d6 Qb7 37. Rd2 Nxg2 38. Rxg2 Qxb3 39. d7 Rd8 40. Rd2 Qe6 41. Qe2 Rxd7 42. Rxd7 Qxd7 43. b4 Qc7 44. c4 Qg3+ 45. Kh1 Qh3+ 46. Kg1 Qg3+ 47. Kf1 Qh3+ 48. Kf2 Qh2+ 49. Ke1 Qg3+ 50. Kd2 Qe5 51. b5 Qe4 52. Kc3 f5 53. Qd3 Qxg4 54. b6 Qg3 55. b7 Qc7 56. Qxf5 Qxb7 57. Qd5+ Qf7 58. Kd3 Kf8 59. Qd8+ Qe8 60. Qxe8+ Kxe8 1-0

[Event "Kuala Lumpur zt"]
[Site "Kuala Lumpur"]
[Date "1990.??.??"]
[Round "4"]
[White "Antonio, Rogelio Jr"]
[Black "Lin, Ta"]
[Result "1/2-1/2"]
[WhiteElo "2440"]
[BlackElo "2410"]
[PlyCount "53"]
[EventDate "1990.02.26"]
[EventType "swiss"]
[EventRounds "11"]
[EventCountry "MAS"]
[SourceTitle "EXT 1997"]
[Source "ChessBase"]
[SourceDate "1996.11.15"]
[SourceVersion "1"]
[SourceVersionDate "1996.11.15"]
[SourceQuality "1"]

1. e4 e5 2. Nf3 Nc6 3. Bb5 a6 4. Bxc6 dxc6 5. Nc3 Qd6 6. d4 exd4 7. Qxd4 Qxd4 8. Nxd4 Bd7 9. Bf4 0-0-0 10. 0-0-0 Bb4 11. Nce2 Ne7 12. f3 Ng6 13. Bg3 Rhe8 14. Nf4 Nxf4 15. Bxf4 h6 16. g4 Bf8 17. h4 Bxg4 18. fxg4 Rxe4 19. Nxc6 bxc6 20. Rdf1 Be7 21. g5 hxg5 22. Bxg5 Bxg5+ 23. hxg5 Re2 24. Rh4 Rg2 25. b3 Rd7 26. Rhf4 g6 27. Kb2 1/2-1/2

[Event "Kuala Lumpur zt"]
[Site "Kuala Lumpur"]
[Date "1990.??.??"]
[Round "3"]
[White "Liang, Jinrong"]
[Black "Lin, Ta"]
[Result "1/2-1/2"]
[WhiteElo "2455"]
[BlackElo "2410"]
[PlyCount "28"]
[EventDate "1990.02.26"]
[EventType "swiss"]
[EventRounds "11"]
[EventCountry "MAS"]
[SourceTitle "EXT 1997"]
[Source "ChessBase"]
[SourceDate "1996.11.15"]
[SourceVersion "1"]
[SourceVersionDate "1996.11.15"]
[SourceQuality "1"]

1. e4 e5 2. Nf3 Nc6 3. Bb5 a6 4. Ba4 Nf6 5. 0-0 Be7 6. Re1 b5 7. Bb3 d6 8. c3 0-0 9. h3 Bb7 10. d4 Re8 11. Nbd2 Bf8 12. Bc2 Nb8 13. a4 Nbd7 14. Bd3 c6 1/2-1/2